German Words for Numbers - Statistics

General Stats
  • This quiz has been taken 168 times
  • The average score is 11 of 12
Answer Stats
# English Answer % Correct
2 Two Zwei
99%
7 Seven Sieben
95%
5 Five Fünf
94%
3 Three Drei
93%
8 Eight Acht
91%
1 One Eins
89%
6 Six Sechs
89%
4 Four Vier
89%
9 Nine Neun
87%
10 Ten Zehn
83%
11 Eleven Elf
80%
12 Twelve Zwölf
74%
No matching quizzes found
Score Distribution
Percent of People with Each Score
Percentile by Number Answered
Your Score History
You have not taken this quiz